01172nam a2200289 a 450000100100000000500170001000800410002702000150006804000250008308200200010810000450012824501250017326000540029830000210035249000410037349000260041450000380044050400540047865000320053265000350056470000550059983000480065483000330070204900090073595201230074499900150086700000462420200929151455.0090724s2005 ve 000 f spa d a9802764078 aDO-SdBNPbspacBNPHU aCR863.44bG984p1 aGutiérrez, Joaquínd1918-200091348410aPuerto limón y otros textos /cJoaquín Gutiérres ; prólogo, cronología y bibliografía Álvaro Quezada Soto. aCaracas, Venezuela :bBiblioteca Ayacucho,c2005. a399 p. ;c24 cm.0 aFundación biblioteca Ayacuchov2320 aColección Clásica aIncluye notas al pie de páginas aIncluye referencias bibliográficas (p. 393-396) 4aNovela costarricense911840 4aLiteratura costarricense933321 aQuezada Soto, Álvaro,d1945-2001epról.913485 0aFundación biblioteca Ayacuchov232913486 0aColección Clásica913487 aBNGR 001054708MOaGRbGRcCTd2009-07-24iLF1l0oCR863.44 G984pp4624-10r2020-06-25w2020-06-25y4ZPréstamo en sala c4432d4432